LEADER 01088nam0 2200313 450 001 000027927 005 20100903115916.0 010 $a88-7748-055-6 100 $a20100903d1986----km-y0itaa50------ba 101 1 $aita 102 $aIT 200 1 $aIgnorabimus$fArno Holz 210 $aMilano$cUbulibri$dc1986 215 $aXIII, 244 p.$c1 fot.$d22 cm 300 $aTraduzione di Cesare Mazzonis, Pierluigi Cerri A. D. 410 0$12001$a<> testi Ubulibri 600 1$aHolz,$bArno$xMessinscena 676 $a832.9$v(21. ed.)$9Letteratura drammatica tedesca. 1900- 676 $a792.025$v(21. ed.)$9Teatro. Messinscena 700 1$aHolz,$bArno$0444529 801 0$aIT$bUniversità della Basilicata - B.I.A.$gRICA$2unimarc 912 $a000027927 996 $aIgnorabimus$994974 997 $aUNIBAS BAS $aLETTERE CAT $aTTM$b30$c20100903$lBAS01$h1022 CAT $aTTM$b30$c20100903$lBAS01$h1159 FMT Z30 -1$lBAS01$LBAS01$mBOOK$1BASA1$APolo Storico-Umanistico$2FMAS$BFondo Masini$3FMas/817/3641$6817/3641$5B817/3641$820100903$f04$FPrestabile Didattica LEADER 02088nam1 22004093i 450 001 TO0E052373 005 20251003044414.0 100 $a20100126d1763 ||||0itac50 ba 101 | $alat 102 $ait 181 1$6z01$ai $bxxxe 182 1$6z01$an 183 1$6z01$anc$2RDAcarrier 200 1 $aManuale Concinae seu theologia christiana dogmatico moralis a patre Daniele Concina ... elucubrata priore contractior. Opus confessariis omnibus perutile ... Adiectis ad calcem definitionibus ad examen subeundum necessariis, atque opportunis. Tomus prior [-alter] 205 $aEditio prima neapolitana correctior, et emendatior 210 $aNeapoli$cexpensis Dominici Terres$ctypis josephi Raymundi$d1763 215 $a2 v.$d12° 300 $aFregio sui front. 463 1$1001TO0E052377$12000 $a1: Tomus prior$v1 463 1$1001TO0E052472$12000 $a2: Tomus alter$v2 620 $aIT$dNapoli$3TO0L002386 700 1$aConcina$b, Daniele$3SBLV041121$4070$0158428 712 02$aRaimondi, Giuseppe$3TO0V208502$4650 712 02$aTerres, Domenico$f $3TO0V260986$4650 790 1$aConcina$b, Daniello$3CFIV215567$zConcina, Daniele 790 1$aConcina$b, Daniel$3CFIV316648$zConcina, Daniele 791 02$aRaymundus, Josephus$3MILV305026$zRaimondi, Giuseppe 801 3$aIT$bIT-000000$c20100126 850 $aIT-BN0095 $aIT-NA0079 901 $bNAP BN$cBIBL.BRANC$nLa consegna dei documenti è effettuata dall'Ufficio Distribuzione 901 $bNAP BN$cRACC.VILL.$nLa consegna dei documenti è effettuata dall'Ufficio Distribuzione 901 $bNAP 01$cDEMARCO $n$ 912 $aTO0E052373 950 1$aBiblioteca Centralizzata di Ateneo$c1 esemplare, v. 2$d 01DEMARCO FONDO RARI A 101 977 $a 01$a BN 996 $aManuale Concinae seu theologia christiana dogmatico moralis a patre Daniele Concina ... elucubrata priore contractior. Opus confessariis omnibus perutile ... Adiectis ad calcem definitionibus ad examen subeundum necessariis, atque opportunis. Tomus prior$93551360 997 $aUNISANNIO